| 000 | 00628nam a2200205 i 4500 | ||
|---|---|---|---|
| 001 | 146086 | ||
| 003 | ES-MaACL | ||
| 005 | 20250323063044.0 | ||
| 007 | t| | ||
| 008 | 070731s1984 sp ||||1| spa d | ||
| 100 | 1 |
_aTorrente Ballester, Gonzalo, _d1910-1999 _9110850 |
|
| 245 | 1 | 0 |
_aQuizá nos lleve el viento al infinito / _cGonzalo Torrente Ballester. |
| 250 | _a[3ª ed.]. | ||
| 260 |
_a[Esplugues de Llobregat] : _bPlaza & Janés, _c[1984] |
||
| 300 |
_a269 p. : _bil. ; _c19 cm. |
||
| 490 | 1 | _aLiteraria | |
| 830 | 0 |
_aLiteraria _9178137 |
|
| 852 |
_aES-MaACL _jL-6441 _bR.107002 |
||
| 999 |
_c146086 _d146086 |
||